Sports Quiz

Random Sports or MLB Quiz

Milwaukee Brewers Opening Day Starters Quiz Stats

Quiz Updated Jun 22, 2017

Challenge
Share
Tweet
Embed
Score 0/49 Timer 06:00
0 Plays Today
Year Name % Correct
2002Ben Sheets
76.6%
2003Ben Sheets
76.6%
2004Ben Sheets
76.6%
2005Ben Sheets
76.6%
2007Ben Sheets
76.6%
2008Ben Sheets
76.6%
2010Yovani Gallardo
62%
2011Yovani Gallardo
61.8%
2012Yovani Gallardo
61.8%
2013Yovani Gallardo
61.8%
2014Yovani Gallardo
61.8%
1986Teddy Higuera
46.5%
1987Teddy Higuera
46.5%
1988Teddy Higuera
46.5%
1982Pete Vuckovich
35.8%
2017Junior Guerra
29.9%
1983Don Sutton
29.5%
1984Don Sutton
29.5%
2006Doug Davis
29%
1981Mike Caldwell
27.5%
1979Mike Caldwell
27%
2016Wily Peralta
26.7%
2009Jeff Suppan
24.2%
1990Chris Bosio
23.8%
2015Kyle Lohse
23.1%
Year Name % Correct
1994Cal Eldred
23.1%
1998Cal Eldred
23.1%
1975Jim Slaton
22%
1976Jim Slaton
22%
1980Jim Slaton
22%
1985Moose Haas
18%
1992Bill Wegman
17.5%
1993Bill Wegman
17.5%
1969Marty Pattin
16.9%
1995Ricky Bones
16.4%
1996Ricky Bones
16.4%
1997Ben McDonald
16.3%
1973Jim Colborn
11.2%
1974Jim Colborn
11.2%
1989Don August
11.2%
1978Jerry Augustine
10.1%
1971Marty Pattin
10%
2001Jamey Wright
9.6%
1977Bill Travers
9.3%
2000Steve Woodard
7.3%
1999Rafael Roque
6.9%
1970Lew Krausse
6.5%
1972Bill Parsons
6.3%
1991Mark Knudson
5.9%

You're not logged in!

Compare scores with friends on all Sporcle quizzes.
Sign Up with Email
OR
Log In

Show Comments

Extras

Top Quizzes Today


Score Distribution

Your Account Isn't Verified!

In order to create a playlist on Sporcle, you need to verify the email address you used during registration. Go to your Sporcle Settings to finish the process.